| 000 | 00514nam a22001697a 4500 | ||
|---|---|---|---|
| 003 | OSt | ||
| 005 | 20230424163323.0 | ||
| 008 | 211110b ||||| |||| 00| 0 eng d | ||
| 022 | _a0972-6853 | ||
| 040 | _cIUP Publications | ||
| 222 | _aThe IUP Journal of Corporate Governance | ||
| 245 | _aThe IUP Journal of Corporate Governance | ||
| 260 |
_aIUP Publications, Hyderabad 500082 _bIUP Publications |
||
| 650 |
_2Corporate Governance _aPeriodicals _910186 |
||
| 655 |
_aPeriodicals _910187 |
||
| 942 |
_2ddc _cPR _s1 |
||
| 999 |
_c220504 _d220504 |
||